Stations de tramway de Toulouse (France) - Statistiques

Statistiques générales
  • Ce quiz a été pris 100 fois
  • Le résultat moyen est 16 sur 28
Statistiques - réponses
Réponse % Correct
Palais de Justice
97%
Arènes
93%
Aéroport
81%
MEET
80%
Purpan
75%
Zénith
74%
Fer à Cheval
72%
Cartoucherie
70%
Croix de Pierre
70%
Aéroconstellation
68%
Hippodrome
68%
Ile du Ramier
65%
Arènes Romaines
64%
Ancely
62%
Déodat de Séverac
62%
Pasteur - Mairie de Blagnac
48%
Andromède - Lycée
45%
Odyssud - Ritouret
45%
Servanty - Airbus
45%
Beauzelle - Aéroscopia
42%
Grand Noble
39%
Patinoire Barradels
38%
Nadot
36%
Place Georges Brassens
36%
Avenue de Muret - Marcel Cavaillé
30%
Place du Relais
30%
Guyenne Berry
29%
Daurat
26%
Aucun quiz correspondant
Distribution des résultats
% des personnes avec chaque résultat
Percentile par nombre de réponses
Votre historique - résultats
Vous n’avez pas pris ce quiz